000 00902nmm a2200337 a 4500
003 AR-BaBNM
005 20251128203025.0
008 217019s1946 ||||||||||||||000 | spa||
040 _cAR-BaBNM
100 1 _aOncken, Guillermo
245 1 0 _aHistoria de la China antigua
250 _a1ª ed.
260 _aBuenos Aires
_bImpulso
_c1946
300 0 _a510 p.
_bmapas, il., láms.
500 0 _aContiene mapa desplegable de China antigua p. 16-17
504 _aBibliografía para consultar p. 489-497
600 0 4 _aConfucio
650 4 _aHISTORIA ASIATICA
650 4 _aMITOLOGIA
650 4 _aLEYENDAS
650 4 _aRELIGION
650 4 _aECONOMIA
650 4 _aSOCIEDAD
650 4 _aCIENCIAS POLITICAS
651 4 _aChina
700 1 _aHirth, Federico
700 1 _aDe Lyl, Enrique
_erevisión
700 1 _aSforza, Hugo Angel
_eilustrador
942 _cBK
998 _cmariana
999 _c1566
_d1566